Lighten our darkness - or not? (Record no. 69477)
[ view plain ]
| 000 -LEADER | |
|---|---|
| fixed length control field | 01044cam a2200229 4500 |
| 001 - CONTROL NUMBER | |
| control field | ABS64977 |
| 008 - FIXED-LENGTH DATA ELEMENTS--GENERAL INFORMATION | |
| fixed length control field | 020208n2002 000 0 eng u |
| 035 ## - SYSTEM CONTROL NUMBER | |
| System control number | (Sirsi) u116664 |
| 100 ## - MAIN ENTRY--PERSONAL NAME | |
| Personal name | Wilkinson, H |
| 245 ## - TITLE STATEMENT | |
| Title | Lighten our darkness - or not? |
| 260 ## - PUBLICATION, DISTRIBUTION, ETC. | |
| Date of publication, distribution, etc. | 2002 |
| 490 ## - SERIES STATEMENT | |
| Series statement | New Law Journal |
| Volume/sequential designation | 152(7014) 11 January 2002, 10-12(3) |
| 520 ## - SUMMARY, ETC. | |
| Summary, etc. | Discusses the High Hedges Bill which will allow local authorities to settle disputes over nuisance hedges. The Bill provides for a set criteria to be satisfied before a complaint is made to allow house owners to predict whether a complaint would be considered and be successful. Considers the possible questions that could be raised over and which are answered in the briefing pack on the Bill and also the concept of 'action hedge height' and how to work out loss of light. |
| 590 ## - LOCAL NOTE (RLIN) | |
| Local note | ABS |
| 650 ## - SUBJECT ADDED ENTRY--TOPICAL TERM | |
| Topical term or geographic name entry element | HIGH HEDGES |
| 650 ## - SUBJECT ADDED ENTRY--TOPICAL TERM | |
| Topical term or geographic name entry element | LOSS OF LIGHT |
| 650 ## - SUBJECT ADDED ENTRY--TOPICAL TERM | |
| Topical term or geographic name entry element | LOSS OF AMENITY |
| 650 ## - SUBJECT ADDED ENTRY--TOPICAL TERM | |
| Topical term or geographic name entry element | HIGH HEDGES BILL |
| 650 ## - SUBJECT ADDED ENTRY--TOPICAL TERM | |
| Topical term or geographic name entry element | DISPUTES |
| 690 ## - LOCAL SUBJECT ADDED ENTRY--TOPICAL TERM (OCLC, RLIN) | |
| Topical term or geographic name as entry element | Boundary disputes |
| 9 (RLIN) | 6221 |
| 942 ## - ADDED ENTRY ELEMENTS (KOHA) | |
| Suppress in OPAC | 0 |
| Withdrawn status | Lost status | Source of classification or shelving scheme | Damaged status | Not for loan | Home library | Current library | Shelving location | Date acquired | Total Checkouts | Full call number | Barcode | Date last seen | Copy number | Price effective from | Koha item type |
|---|---|---|---|---|---|---|---|---|---|---|---|---|---|---|---|
| Dewey Decimal Classification | London | London | Journal article | 08/02/2002 | ABS64977 | 116664-1001 | 06/08/2019 | 1 | 06/08/2019 | Journal article |